| 000 | 00789nam a2200229 i 4500 | ||
|---|---|---|---|
| 001 | 23338 | ||
| 003 | ES-MaACL | ||
| 005 | 20250819063029.0 | ||
| 007 | t| | ||
| 008 | 021210s1982 sp |||| | spa d | ||
| 080 | _a321.7(042) | ||
| 080 | _a32(460)"1975/.."(042) | ||
| 100 | 1 |
_aÁlvarez, José Luis, _d1930- _9151352 |
|
| 245 | 1 | 3 |
_aLa democracia y la sociedad española _b: conferencia pronunciada el 4 de octubre de 1982 en el Club Siglo XXI / _cpor José Luis Álvarez. |
| 260 |
_aMadrid : _bUnión Editorial, _c1982] ( _fImp. Héroes) |
||
| 300 |
_a23 p. ; _c21 cm. |
||
| 650 | 7 |
_aDemocracia _2embne _911574 |
|
| 651 | 4 |
_aEspaña- _xPolítica y gobierno- _y1975-1982. _98447 |
|
| 710 | 2 |
_aClub Siglo XXI. _92868 |
|
| 852 |
_aES-MaACL _j2123-F-12 |
||
| 999 |
_c23338 _d23338 |
||